000 01151cam a2200325 i 4500
001 009412615
003 EG-ScBUE
005 20241009112407.0
008 010402s2012 enka f b f001 0 eng d
020 _a9780521629096
040 _aDLC
_beng
_erda
_cDLC
_dUk
_dEG-ScBUE
082 0 4 _222
_a515.2433
_bIOR
100 1 _aIorio Jr., Rafael José
_q(Iorio Júnior)
_eauthor.
245 1 0 _aFourier analysis and partial differential equations /
_cRafael José Iorio, Valéria de Magalhães Iorio.
250 _aFirst edition.
264 1 _aCambridge :
_bCambridge University Press,
_c2012.
300 _axi, 411 pages :
_billustrations ;
_c24 cm.
336 _2rdacontent
_atext
_btxt
337 _aunmediated
_2rdamedia
_bn
338 _avolume
_bnc
_2rdacarrier
490 0 _aCambridge studies in advanced mathematics ;
_v70
504 _aIncludes bibliographical references and index.
650 7 _aFourier analysis.
_2BUEsh
_941292
650 7 _aDifferential equations, Partial.
_2BUEsh
_97957
651 _2BUEsh
653 _bENGELC
_cMarch2018
655 _vReading book
700 1 _aIorio, Valéria de Magalhães,
_eauthor.
942 _2ddc
_cBB
999 _c26220
_d26192